000 00809cam2a220020500 4500
001 tmp15795442
003 UPRA
005 20190815093624.0
008 951101s1977 za eng u
035 _a(Sirsi) r76009
035 _a(UPRA)tmp15795442
040 _cUPRA
100 1 _aHanalete, M. J.
_6A36234.1
245 1 2 _aA survey of traditional cattle production in Choma District :
_ba report giving the survey methods and some preliminary results, August 1976-June, 1977.
260 _a[Choma] :
_bMochipapa Regional Research Station,
_c1977.
650 0 _aCattle -- Zambia -- Choma District.
_zCattle -- Zambia -- Choma District.
_zCattle -- Zambia -- Choma District.
_6S28365.1
949 _a(O2) 1977/7
_wlcc
_mMAIN
_tBOOK
_lON-SHELF
949 _a(O2) 1977/7
_wlcc
_mMAIN
_tBOOK
_lON-SHELF
004 76009
999 _c58368
_d58368